Statistics for Geronimo Stilton Characters by Picture

Click here to take the quiz!

General Stats

  • This quiz has been taken 19 times
  • The average score is 4 of 6

Answer Stats

Answer% Correct
Geronimo
100%
Thea
94%
Benjamin
81%
Trap
81%
Bugsy Wugsy
50%
Trappy
13%

Score Distribution

Percentile by Number Answered

Percent of People with Each Score

Your Score History

You have not taken this quiz